<?xml version="1.0" encoding="UTF-8"?>
<record
    xmlns:xsi="http://www.w3.org/2001/XMLSchema-instance"
    xsi:schemaLocation="http://www.loc.gov/MARC21/slim http://www.loc.gov/standards/marcxml/schema/MARC21slim.xsd"
    xmlns="http://www.loc.gov/MARC21/slim">

  <leader>02339nam a2200337 a 4500</leader>
  <controlfield tag="005">20240305165355.0</controlfield>
  <controlfield tag="007">cr||||   |||| </controlfield>
  <controlfield tag="008">110729s2011    sp ||||  |||| 000 0 spa c</controlfield>
  <datafield tag="017" ind1=" " ind2=" ">
    <subfield code="a">DL SE. 1952-2011</subfield>
  </datafield>
  <datafield tag="020" ind1=" " ind2=" ">
    <subfield code="a">9788498498295</subfield>
  </datafield>
  <datafield tag="035" ind1=" " ind2=" ">
    <subfield code="a">5833</subfield>
  </datafield>
  <datafield tag="040" ind1=" " ind2=" ">
    <subfield code="d">vLex</subfield>
  </datafield>
  <datafield tag="090" ind1=" " ind2=" ">
    <subfield code="c">3073</subfield>
    <subfield code="d">3073</subfield>
  </datafield>
  <datafield tag="100" ind1="1" ind2=" ">
    <subfield code="a">P&#xE9;rez &#xC1;lvarez, Mar&#xED;a Pilar</subfield>
  </datafield>
  <datafield tag="245" ind1="1" ind2="0">
    <subfield code="a">Innovaci&#xF3;n metodol&#xF3;gica y Espacio Europeo de Educaci&#xF3;n Superior</subfield>
    <subfield code="h">[Recurso electr&#xF3;nico] /</subfield>
    <subfield code="c">Mar&#xED;a del Pilar P&#xE9;rez &#xC1;lvarez</subfield>
  </datafield>
  <datafield tag="256" ind1=" " ind2=" ">
    <subfield code="a">Servicio en l&#xED;nea</subfield>
  </datafield>
  <datafield tag="260" ind1=" " ind2=" ">
    <subfield code="a">Madrid :</subfield>
    <subfield code="b">Dykinson,</subfield>
    <subfield code="c">DL 2011</subfield>
  </datafield>
  <datafield tag="300" ind1=" " ind2=" ">
    <subfield code="a">1 recurso electr&#xF3;nico</subfield>
  </datafield>
  <datafield tag="500" ind1=" " ind2=" ">
    <subfield code="a">La adopci&#xF3;n del sistema de cr&#xE9;ditos ECTS y el nuevo aspecto &#x96;promovido por la legislaci&#xF3;n universitaria&#x96; de la formaci&#xF3;n en competencias impulsan un cambio en las metodolog&#xED;as docentes hacia m&#xE9;todos de aprendizaje m&#xE1;s activo del estudiante en un contexto que se extiende a lo largo de la vida (lifelong learning). De igual manera, la nueva distribuci&#xF3;n de la docencia en clases magistrales, seminarios y tutor&#xED;as, establecida en la ordenaci&#xF3;n docente para los nuevos Grados, permite planificar y programar las distintas materias desde una perspectiva totalmente nueva en la que, junto a los m&#xE9;todos tradicionales, adquieren mayor protagonismo otras t&#xE9;cnicas y actividades m&#xE1;s innovadoras e interactivas &#x96;enmarcadas en las clases de Seminario&#x96;.</subfield>
  </datafield>
  <datafield tag="504" ind1=" " ind2=" ">
    <subfield code="a">Bibliograf&#xED;a p. [259]-264</subfield>
  </datafield>
  <datafield tag="506" ind1="1" ind2=" ">
    <subfield code="a">Contenido solo disponible en los productos indicados</subfield>
    <subfield code="d">vLex Global </subfield>
    <subfield code="d">vLex Global (Academic Edition, excluding Law Schools) </subfield>
    <subfield code="d">vLex Global (U.S. Academic Edition, Law Schools) </subfield>
    <subfield code="d">vLex Global (U.S. Academic Edition, excluding Law Schools) </subfield>
    <subfield code="d">vLex Global (Academic Edition, Law Schools) </subfield>
  </datafield>
  <datafield tag="650" ind1=" " ind2="4">
    <subfield code="a">Derecho</subfield>
    <subfield code="x">Ense&#xF1;anza universitaria</subfield>
    <subfield code="z">Espa&#xF1;a</subfield>
  </datafield>
  <datafield tag="650" ind1=" " ind2="4">
    <subfield code="a">Ense&#xF1;anza universitaria</subfield>
    <subfield code="x">Metodolog&#xED;a</subfield>
  </datafield>
  <datafield tag="650" ind1=" " ind2="4">
    <subfield code="a">Ense&#xF1;anza universitaria</subfield>
    <subfield code="x">Innovaciones</subfield>
  </datafield>
  <datafield tag="650" ind1=" " ind2="4">
    <subfield code="a">Derecho romano</subfield>
    <subfield code="x">Ense&#xF1;anza universitaria</subfield>
  </datafield>
  <datafield tag="740" ind1="0" ind2=" ">
    <subfield code="a">vLex Libros (Servicio en l&#xED;nea)</subfield>
  </datafield>
  <datafield tag="830" ind1=" " ind2="0">
    <subfield code="a">Manuales jur&#xED;dicos Dykinson</subfield>
  </datafield>
  <datafield tag="830" ind1=" " ind2="0">
    <subfield code="a">Monograf&#xED;as de derecho romano.</subfield>
    <subfield code="p">Metodolog&#xED;a docente. Causismo jurisprudencial. Fuentes del conocimiento ; </subfield>
    <subfield code="v">2</subfield>
  </datafield>
  <datafield tag="856" ind1="4" ind2="0">
    <subfield code="u">https://app.vlex.com/#/sources/innovacion-metodologica-espacio-europeo-educacion-superior-experiencias-docentes-ambito-derecho-5833</subfield>
  </datafield>
  <datafield tag="942" ind1=" " ind2=" ">
    <subfield code="c">RAA</subfield>
  </datafield>
  <datafield tag="952" ind1=" " ind2=" ">
    <subfield code="0">0</subfield>
    <subfield code="1">0</subfield>
    <subfield code="4">0</subfield>
    <subfield code="7">0</subfield>
    <subfield code="8">VLEX</subfield>
    <subfield code="9">319489</subfield>
    <subfield code="a">BD-UIN</subfield>
    <subfield code="b">BD-UIN</subfield>
    <subfield code="d">2024-03-05</subfield>
    <subfield code="l">0</subfield>
    <subfield code="p">5833</subfield>
    <subfield code="r">2024-03-05</subfield>
    <subfield code="w">2024-03-05</subfield>
    <subfield code="y">RAA</subfield>
  </datafield>
  <datafield tag="999" ind1=" " ind2=" ">
    <subfield code="c">161486</subfield>
    <subfield code="d">161486</subfield>
  </datafield>
</record>
